000 02974nam a2200757 i 4500
001 445
003 KOSZ 005
005 20200529122357.0
008 200428s1975 pl a f 000 0 pol
015 _aUWD 1975/10407
035 _a991024560199705066
035 _a(PL-WaBN)b16699610-48omnis_nlop
035 _ab16699610
035 _a(OCoLC)831127777
035 _a(PL)b0000001669961
035 _a(EXLNZ-48OMNIS_NETWORK)9910327308105606
040 _aWA N
_cWA N
_dKOSZ 005/RW
046 _k1975
080 _a691
080 _a624
080 _a620.1
245 0 0 _aPoradnik laboranta budowlanego :
_bpraca zbiorowa /
_cautorzy Lesław Brunarski [et al.].
250 _aWydanie 3 poprawione i uzupełnione.
260 _aWarszawa :
_b"Arkady",
_c1975.
300 _a712 stron :
_bilustracje, tablice ;
_c21 cm.
336 _aTekst
_btxt
_2rdacontent
337 _aBez urządzenia pośredniczącego
_bn
_2rdamedia
338 _aWolumin
_bnc
_2rdacarrier
380 _aKsiążki
380 _aPublikacje fachowe
388 _a1901-2000
388 _a1945-1989
504 _aBibliografia przy rozdziałach.
521 8 _aPoradnik przeznaczony jest dla pracowników laboratoriów budowlanych (polowych i zakładowych) oraz dla personelu inżynieryjno-budowlanego zatrudnionego w wykonawstwie budowlanym i w przemyśle materiałów budowlanych. Może również służyć jako pomoc w szkoleniu pracowników służby laboratoryjnej.
650 7 _aMateriały budowlane
_2DBN
650 7 _aWłaściwości fizyczne
650 7 _aMechanika gruntów
_2DBN
655 7 _aPraca zbiorowa
655 7 _aPoradnik
658 _aArchitektura i budownictwo
700 1 _aBrunarski, Lesław
_d(1929- )
_eAutor
700 1 _aDąbrowski, Jan
_eAutor
700 1 _aGwiazda-Matulewicz, Mirosława
_eAutor
700 1 _aHamann, Waldemar
_eAutor
700 1 _aKępiński, Jan
_eAutor
700 1 _aKołakowski, Jan
_eAutor
700 1 _aKoziński, Józef
_eAutor
700 1 _aPachowski, Jan
_eAutor
700 1 _aPečenik, Jerzy
_eAutor
700 1 _aPenkala, Barbara
_d(1911-1991)
_eAutor
700 1 _aPisarski, Andrzej
_eAutor
700 1 _aRoszak, Wojciech
_d(1929- )
_eAutor
700 1 _aRusiecki, Aleksander
_eAutor
700 1 _aSzymański, Edmund
_eAutor
700 1 _aTalbierski, Jerzy
_eAutor
700 1 _aTomaszewski, Władysław
_eAutor
700 1 _aTrybalska, Irena
_eAutor
700 1 _aUrban, Leonard
_eAutor
700 1 _aZiembicka, Halina
_eAutor
700 1 _aŻurek, Bohdan
_eAutor
710 2 _aWydawnictwo Arkady
_4pbl
700 1 _aPłoński, Władysław
_d(1922-2009)
_eAutor
856 _uhttp://koha.tu.koszalin.pl/cgi-bin/koha/opac-detail.pl?biblionumber=445
_yKatalog online BPK
942 _2UKD
_cKS
999 _c445
_d445